000 00552 a2200181 4500
005 20250424110639.0
008 250423b |||||||| |||| 00| 0 eng d
020 _a978939149058
_cRs. 1480.00
040 _aMAIN
082 _a327.54051
_bR813C
100 _aRoy-Chaudhury, Shantanu
245 _aChina factor: Beijing’s expanding engagement in Sri Lanka, Maldives, Bangladesh and Myanmar
260 _bKW Publishers
_c2024
_aNew Delhi
300 _axxviii, 364
650 _aDefence Studies
650 _aInternational Relations
942 _cBK
999 _c359698
_d359698